Англо-русский фразеологический словарь: около 25 000 фразеологических единиц

Detalles Bibliográficos
Autor principal: Кунин А. В. Александр Владимирович
Lenguaje:ruso
inglés
Publicado: Москва, ГИС, 1956
Edición:2-е изд., стер.
Materias:
Formato: MixedMaterials Libro
KOHA link:https://koha.lib.tpu.ru/cgi-bin/koha/opac-detail.pl?biblionumber=325753

MARC

LEADER 00000nam0a2200000 4500
001 325753
005 20231102003807.0
035 |a (RuTPU)RU\TPU\book\351368 
035 |a RU\TPU\book\72326 
090 |a 325753 
100 |a 20161212d1956 km y0rusy50 ca 
101 0 |a rus  |a eng 
102 |a RU 
105 |a y e 000zy 
200 1 |a Англо-русский фразеологический словарь  |e  около 25 000 фразеологических единиц  |f А. В. Кунин 
205 |a 2-е изд., стер. 
210 |a Москва  |c ГИС  |d 1956 
215 |a 1455 с. 
606 1 |a Английский язык  |x Лексикография, словари  |2 stltpush  |3 (RuTPU)RU\TPU\subj\29061  |9 52473 
610 1 |a лексика 
610 1 |a лексикология 
610 1 |a фразеологизмы 
610 1 |a фразеология 
610 1 |a фразеологические словари 
610 1 |a русский язык 
686 |a Ш143.21-4  |v LBC/SL-A  |2 rubbk 
700 1 |a Кунин  |b А. В.  |g Александр Владимирович 
801 1 |a RU  |b 63413507  |c 20040928  |g PSBO 
801 2 |a RU  |b 63413507  |c 20171211  |g PSBO 
942 |c BK